000 00412nam a2200157Ia 4500
005 20250326141449.0
008 231217s9999 xx 000 0 und d
020 _a9788131420058
082 _a658.87 SEN;1 R
100 _aSen, Simantee ed.
245 0 _aCategory management : concepts and cases
260 _c2008
_bIcfai
_aHyderabad
300 _axii, 244
650 _aCategory,management
942 _cAA
999 _c187761
_d187761